000 02189nam a22002417a 4500
999 _c60783
_d60783
005 20231020153317.0
008 231020s1978 ru ||||| |||| 00| 0 rus d
041 _arus
080 _a902.2(479.224) დ-45
245 _aდიდი პიტიუნტი :
_bარქეოლოგიური გათხრები ბიჭვინთაში. [წიგნი] 3 /
_cსაქართველოს სსრ მეცნიერებათა აკადემია, ივ. ჯავახიშვილის სახ. ისტორიის, არქეოლოგიისა და ეთნოგრაფიის ინსტუიტუტი, არქეოლოგიური კომისია ; რედაქტორი ანდრია აფაქიძე.
264 _aთბილისი :
_b მეცნიერება,
_c1978.
300 _a278 გვ. :
_b ილ.;
_c30 სმ.
521 _a3 სტატია რუსულ ენაზე.
_bდამატებითი თავფურცელი რუსულ, ბერძნულ და ინგლისურ ენებზე
522 _aრეზიუმე რუსულ და ინგლისურ ენებზე.
653 _aარქეოლოგიური გათხრები აფხაზეთში
700 _aაფაქიძე, ანდრია
_eავტორი,რედაქტორი.
_95454
700 _aმაცულევიჩი, ლეონიდ
_eავტორი
_920167
700 _aშერვაშიძე, ლეონიდ
_eავტორი
_920168
700 _aჭყონია, ანა
_eავტორი
_920169
700 _aყაუხჩიშვილი, თინათინ
_eავტორი
_917888
710 _aსაქართველოს სსრ მეცნიერებათა აკადემია.
_dისტორიის, არქეოლოგიისა და ეთნოგრაფიის ინსტიტუტი. არქეოლოგიური კომისია.
_920170
942 _2udc
_cBK